[Event "13e open internationnal de Sautron"]
[Site "Sautron"]
[Date "2013.11.01"]
[Round "8.7"]
[White "Lejarre, Ludovic"]
[Black "Bailet, Pierre"]
[Result "1/2-1/2"]
[LiveChessVersion "1.4.2"]
[BlackElo "2474"]
[WhiteElo "2371"]

1. e4 {[%clk 1:30:54]} e5 {[%clk 1:30:35]} 2. Nf3 {[%clk 1:30:20]} Nc6
{[%clk 1:30:52]} 3. Bb5 {[%clk 1:28:40]} a6 {[%clk 1:30:28]} 4. Ba4
{[%clk 1:29:03]} Nf6 {[%clk 1:30:50]} 5. O-O {[%clk 1:29:18]} Be7
{[%clk 1:31:08]} 6. Bxc6 {[%clk 1:26:11]} dxc6 {[%clk 1:31:22]} 7. Qe1
{[%clk 1:26:30]} Nd7 {[%clk 1:27:07]} 8. b3 {[%clk 1:25:28]} O-O {[%clk 1:26:19]}
9. Bb2 {[%clk 1:25:05]} Bd6 {[%clk 1:20:05]} 10. d3 {[%clk 1:20:03]} Re8
{[%clk 1:16:16]} 11. Nbd2 {[%clk 1:17:29]} Nf8 {[%clk 1:10:09]} 12. Nc4
{[%clk 1:10:13]} Ng6 {[%clk 1:07:38]} 13. Qe3 {[%clk 0:54:50]} c5
{[%clk 1:04:39]} 14. a4 {[%clk 0:51:56]} a5 {[%clk 1:04:18]} 15. Kh1
{[%clk 0:49:09]} b6 {[%clk 0:58:54]} 16. Ng1 {[%clk 0:39:05]} Bb7
{[%clk 0:44:45]} 17. Ne2 {[%clk 0:21:28]} f5 {[%clk 0:39:41]} 18. exf5
{[%clk 0:20:14]} Nh4 {[%clk 0:39:49]} 19. f3 {[%clk 0:20:29]} Nxf5
{[%clk 0:40:05]} 20. Qf2 {[%clk 0:20:11]} Nd4 {[%clk 0:31:11]} 21. Ng3
{[%clk 0:19:58]} Rf8 {[%clk 0:28:52]} 22. Rae1 {[%clk 0:18:14]} Qe7
{[%clk 0:20:33]} 23. Ne4 {[%clk 0:18:30]} Rab8 {[%clk 0:19:54]} 24. Bxd4
{[%clk 0:17:56]} cxd4 {[%clk 0:20:12]} 25. Nexd6 {[%clk 0:18:12]} cxd6
{[%clk 0:20:10]} 26. Qxd4 {[%clk 0:18:31]} Rf6 {[%clk 0:17:23]} 27. Qe3
{[%clk 0:14:59]} Rh6 {[%clk 0:16:31]} 28. h3 {[%clk 0:14:00]} Rf8
{[%clk 0:15:58]} 29. Rf2 {[%clk 0:08:57]} Qh4 {[%clk 0:15:42]} 30. Nd2
{[%clk 0:07:09]} Rf5 {[%clk 0:11:12]} 31. Kh2 {[%clk 0:02:17]} Rg6
{[%clk 0:07:23]} 32. Nf1 {[%clk 0:01:02]} d5 {[%clk 0:07:11]} 33. d4
{[%clk 0:00:57]} exd4 {[%clk 0:07:19]} 34. Qd2 {[%clk 0:01:05]} h6
{[%clk 0:07:09]} 35. Re8+ {[%clk 0:00:39]} Kh7 {[%clk 0:07:21]} 36. Ree2
{[%clk 0:00:39]} Ba6 {[%clk 0:07:23]} 37. Re1 {[%clk 0:00:34]} h5
{[%clk 0:06:04]} 38. g3 {[%clk 0:00:38]} Qf6 {[%clk 0:06:04]} 39. f4
{[%clk 0:01:00]} Rh6 {[%clk 0:02:34]} 40. Rd1 {[%clk 0:30:46]} g5
{[%clk 0:32:03]} 41. Qxd4 {[%clk 0:31:05]} gxf4 {[%clk 0:31:57]} 42. Rxf4
{[%clk 0:30:07]} Rxf4 {[%clk 0:24:06]} 43. Qxf4 {[%clk 0:26:23]} Qxf4
{[%clk 0:19:53]} 44. gxf4 {[%clk 0:26:46]} Bxf1 {[%clk 0:19:58]} 45. Rxf1
{[%clk 0:27:12]} Rc6 {[%clk 0:20:18]} 46. Rf2 {[%clk 0:25:37]} Rc3
{[%clk 0:20:30]} 47. Rd2 {[%clk 0:19:39]} Kg6 {[%clk 0:17:50]} 48. Rxd5
{[%clk 0:17:54]} Rxc2+ {[%clk 0:17:26]} 49. Kg3 Rc3+ {[%clk 0:16:59]} 50. Kh4
{[%clk 0:15:20]} Rxb3 {[%clk 0:17:28]} 51. Rg5+ {[%clk 0:15:41]} Kf6
{[%clk 0:17:51]} 52. Rxh5 {[%clk 0:16:06]} Rb4 {[%clk 0:17:42]} 53. Kg4
{[%clk 0:16:18]} Kg7 {[%clk 0:16:09]} 54. Rg5+ {[%clk 0:14:07]} Kf7
{[%clk 0:16:38]} 55. Rf5+ {[%clk 0:10:14]} Kg7 {[%clk 0:16:23]} 56. Rg5+ 1/2-1/2

[Event "13e open internationnal de Sautron"]
[Site "Sautron"]
[Date "2013.11.01"]
[Round "8.8"]
[White "Migot, Tangi"]
[Black "Delorme, Alban"]
[Result "0-1"]
[LiveChessVersion "1.4.2"]
[BlackElo "2283"]
[WhiteElo "2354"]

1. d4 {[%clk 1:30:57]} Nf6 {[%clk 1:28:24]} 2. c4 {[%clk 1:30:03]} e6
{[%clk 1:28:44]} 3. Nc3 {[%clk 1:29:48]} d5 {[%clk 1:28:12]} 4. cxd5
{[%clk 1:29:24]} exd5 {[%clk 1:28:21]} 5. Bg5 {[%clk 1:29:46]} Be7
{[%clk 1:26:29]} 6. e3 {[%clk 1:29:43]} b6 {[%clk 1:22:32]} 7. Bd3
{[%clk 1:28:51]} Bb7 {[%clk 1:22:38]} 8. Nge2 {[%clk 1:27:26]} h6
{[%clk 1:21:39]} 9. Bf4 {[%clk 1:22:41]} O-O {[%clk 1:15:06]} 10. h3
{[%clk 1:18:25]} c5 {[%clk 1:14:34]} 11. O-O {[%clk 1:11:54]} a6 {[%clk 1:10:50]}
12. Ng3 {[%clk 1:02:58]} c4 {[%clk 1:01:30]} 13. Bc2 {[%clk 1:02:09]} b5
{[%clk 0:57:40]} 14. a3 {[%clk 1:00:31]} Re8 {[%clk 0:52:33]} 15. Nf5
{[%clk 0:54:35]} Bf8 {[%clk 0:50:09]} 16. Qd2 {[%clk 0:47:37]} Ne4
{[%clk 0:48:57]} 17. Bxe4 {[%clk 0:42:13]} dxe4 {[%clk 0:49:25]} 18. d5
{[%clk 0:42:15]} Nd7 {[%clk 0:47:50]} 19. Rad1 {[%clk 0:36:57]} Nc5
{[%clk 0:45:23]} 20. Qd4 {[%clk 0:36:07]} Nb3 {[%clk 0:45:33]} 21. Qxe4
{[%clk 0:31:53]} Rxe4 {[%clk 0:45:55]} 22. Nxe4 {[%clk 0:32:21]} Nc5
{[%clk 0:44:21]} 23. Nxc5 {[%clk 0:31:42]} Bxc5 {[%clk 0:44:48]} 24. e4
{[%clk 0:32:06]} Qf6 {[%clk 0:42:30]} 0-1

[Event "13e open internationnal de Sautron"]
[Site "Sautron"]
[Date "2013.11.01"]
[Round "8.9"]
[White "Roussel, Glenn"]
[Black "Ider, Borya"]
[Result "0-1"]
[LiveChessVersion "1.4.2"]
[BlackElo "2377"]
[WhiteElo "1944"]

1. e4 {[%clk 1:30:57]} e6 {[%clk 1:26:26]} 2. d4 {[%clk 1:31:20]} d5
{[%clk 1:26:52]} 3. Nc3 {[%clk 1:31:42]} Bb4 {[%clk 1:27:17]} 4. a3
{[%clk 1:31:45]} Bxc3+ {[%clk 1:27:42]} 5. bxc3 {[%clk 1:32:09]} dxe4
{[%clk 1:28:03]} 6. Qg4 {[%clk 1:32:15]} Nf6 {[%clk 1:28:19]} 7. Qxg7
{[%clk 1:32:38]} Rg8 {[%clk 1:28:45]} 8. Qh6 {[%clk 1:33:00]} Nbd7
{[%clk 1:29:10]} 9. Ne2 {[%clk 1:29:09]} b6 {[%clk 1:29:34]} 10. Ng3
{[%clk 1:27:26]} Bb7 {[%clk 1:29:58]} 11. c4 {[%clk 1:17:56]} Qe7
{[%clk 1:26:49]} 12. Be2 {[%clk 1:13:10]} O-O-O {[%clk 1:27:05]} 13. a4
{[%clk 1:11:27]} Ng4 {[%clk 1:22:05]} 14. Bxg4 {[%clk 1:08:40]} Rxg4
{[%clk 1:22:28]} 15. Ba3 {[%clk 1:08:29]} c5 {[%clk 1:22:50]} 16. Rd1
{[%clk 0:58:47]} Qg5 {[%clk 1:07:20]} 17. Qxg5 {[%clk 0:56:28]} Rxg5
{[%clk 1:03:15]} 18. Ke2 {[%clk 0:55:22]} f5 {[%clk 1:03:07]} 19. Bc1
{[%clk 0:55:04]} Rgg8 {[%clk 1:03:33]} 20. d5 {[%clk 0:54:26]} Ba6
{[%clk 1:03:33]} 21. dxe6 {[%clk 0:52:09]} Bxc4+ {[%clk 1:02:23]} 22. Kd2
{[%clk 0:50:57]} Bxe6 {[%clk 1:02:41]} 23. Kc3 {[%clk 0:50:35]} Ne5
{[%clk 1:02:49]} 24. h3 {[%clk 0:48:52]} Nc6 {[%clk 0:57:31]} 25. Ne2
{[%clk 0:48:07]} Bf7 {[%clk 0:57:23]} 26. Nf4 {[%clk 0:46:50]} Rd4
{[%clk 0:57:20]} 27. Rxd4 {[%clk 0:46:38]} cxd4+ {[%clk 0:57:20]} 28. Kd2
{[%clk 0:44:27]} Re8 {[%clk 0:55:46]} 29. Re1 {[%clk 0:42:02]} Ne5
{[%clk 0:55:32]} 30. Kd1 {[%clk 0:38:08]} Rd8 {[%clk 0:55:34]} 31. Bb2
{[%clk 0:37:20]} Nc4 {[%clk 0:55:54]} 32. Ba1 {[%clk 0:37:17]} d3
{[%clk 0:52:15]} 33. cxd3 {[%clk 0:36:14]} exd3 {[%clk 0:51:37]} 34. Re7
{[%clk 0:35:47]} Be8 {[%clk 0:51:59]} 35. Rxa7 {[%clk 0:35:44]} Kb8
{[%clk 0:52:26]} 0-1

[Event "13e open internationnal de Sautron"]
[Site "Sautron"]
[Date "2013.11.01"]
[Round "8.11"]
[White "Peric, Slavisa"]
[Black "Normand, Vincent"]
[Result "1-0"]
[LiveChessVersion "1.4.2"]
[BlackElo "2076"]
[WhiteElo "2199"]

1. d4 {[%clk 1:28:38]} d5 {[%clk 1:30:45]} 2. Nf3 {[%clk 1:28:15]} Nc6
{[%clk 1:31:03]} 3. Bf4 {[%clk 1:28:01]} Bg4 {[%clk 1:31:18]} 4. Nbd2
{[%clk 1:27:17]} e6 {[%clk 1:31:20]} 5. c3 {[%clk 1:25:52]} Bd6 {[%clk 1:31:29]}
6. Bg3 {[%clk 1:26:07]} Nf6 {[%clk 1:16:49]} 7. Qb3 {[%clk 1:25:03]} Bxg3
{[%clk 1:15:47]} 8. hxg3 {[%clk 1:25:22]} Qd7 {[%clk 1:12:57]} 9. e3
{[%clk 1:25:31]} O-O {[%clk 1:06:08]} 10. Bd3 {[%clk 1:07:27]} Bf5
{[%clk 1:03:02]} 11. Bxf5 {[%clk 1:05:07]} exf5 {[%clk 1:02:21]} 12. O-O
{[%clk 1:01:45]} Ne4 {[%clk 0:45:14]} 13. Rfc1 {[%clk 0:54:36]} a6
{[%clk 0:41:42]} 14. Qc2 {[%clk 0:52:25]} Ne7 {[%clk 0:38:12]} 15. c4
{[%clk 0:50:56]} Nxd2 {[%clk 0:38:34]} 16. Qxd2 {[%clk 0:49:16]} c6
{[%clk 0:38:09]} 17. c5 {[%clk 0:48:22]} f6 {[%clk 0:37:14]} 18. b4
{[%clk 0:48:39]} g5 {[%clk 0:34:44]} 19. a4 {[%clk 0:48:46]} Kg7 {[%clk 0:31:59]}
20. Rcb1 {[%clk 0:39:55]} Ng6 {[%clk 0:26:46]} 21. Rb3 {[%clk 0:31:48]} Rf7
{[%clk 0:25:34]} 22. Rab1 {[%clk 0:32:00]} Nf8 {[%clk 0:24:59]} 23. b5
{[%clk 0:32:17]} axb5 {[%clk 0:25:19]} 24. axb5 {[%clk 0:32:40]} Ne6
{[%clk 0:25:24]} 25. bxc6 {[%clk 0:32:59]} bxc6 {[%clk 0:25:47]} 26. Ne1
{[%clk 0:20:53]} Nd8 {[%clk 0:22:19]} 27. Rb8 {[%clk 0:19:13]} Qa7
{[%clk 0:21:32]} 28. R8b6 {[%clk 0:17:05]} Qd7 {[%clk 0:21:14]} 29. Nd3
{[%clk 0:16:53]} h5 {[%clk 0:20:15]} 30. Qb2 {[%clk 0:13:27]} Kf8
{[%clk 0:17:39]} 31. Rb8 {[%clk 0:12:18]} Qa7 {[%clk 0:14:33]} 32. Qb6
{[%clk 0:11:09]} Rxb8 {[%clk 0:14:49]} 33. Qxb8 {[%clk 0:11:31]} Ke8
{[%clk 0:11:46]} 34. Qb3 {[%clk 0:06:15]} Rb7 {[%clk 0:11:34]} 35. Qd1
{[%clk 0:06:40]} Rxb1 {[%clk 0:11:52]} 36. Qxb1 {[%clk 0:07:04]} Qb7
{[%clk 0:11:01]} 37. Qd1 {[%clk 0:07:26]} Qf7 {[%clk 0:11:23]} 38. Nb4
{[%clk 0:07:24]} g4 {[%clk 0:09:57]} 39. Qa4 {[%clk 0:07:32]} Qd7
{[%clk 0:10:10]} 40. Qa8 {[%clk 0:37:12]} Ke7 {[%clk 0:38:47]} 41. Qb8
{[%clk 0:37:16]} Kf7 {[%clk 0:37:46]} 42. Nd3 {[%clk 0:37:25]} Kg7
{[%clk 0:33:38]} 43. Nf4 {[%clk 0:34:24]} Kh6 {[%clk 0:33:44]} 44. Kh2
{[%clk 0:33:55]} Qe7 {[%clk 0:27:04]} 45. Qc8 {[%clk 0:33:54]} Qe8
{[%clk 0:23:08]} 46. Qxf5 {[%clk 0:33:52]} Qf7 {[%clk 0:22:57]} 47. f3
{[%clk 0:27:33]} gxf3 {[%clk 0:23:00]} 48. gxf3 {[%clk 0:27:48]} Nb7
{[%clk 0:21:59]} 49. Qe6 {[%clk 0:26:13]} Qxe6 {[%clk 0:20:41]} 50. Nxe6
{[%clk 0:26:36]} Kg6 {[%clk 0:19:32]} 51. e4 {[%clk 0:26:23]} dxe4
{[%clk 0:18:43]} 52. fxe4 {[%clk 0:26:44]} Kf7 {[%clk 0:14:32]} 53. d5
{[%clk 0:24:59]} Na5 {[%clk 0:14:21]} 54. Nd8+ {[%clk 0:25:06]} Ke7
{[%clk 0:13:33]} 55. Nxc6+ {[%clk 0:25:13]} Nxc6 {[%clk 0:13:37]} 56. dxc6
{[%clk 0:25:36]} Kd8 {[%clk 0:14:05]} 57. Kh3 {[%clk 0:25:43]} Kc7
{[%clk 0:14:31]} 58. Kh4 {[%clk 0:26:02]} Kxc6 {[%clk 0:14:55]} 59. Kxh5
{[%clk 0:26:23]} Kxc5 {[%clk 0:15:19]} 60. Kg6 {[%clk 0:26:38]} Kd4
{[%clk 0:15:38]} 61. Kxf6 {[%clk 0:26:52]} Kd5 1-0

[Event "13e open internationnal de Sautron"]
[Site "Sautron"]
[Date "2013.11.02"]
[Round "9.1"]
[White "Riff, Jean-Noel"]
[Black "Roiz, Michael"]
[Result "0-1"]
[LiveChessVersion "1.4.2"]
[BlackElo "2614"]
[WhiteElo "2445"]

1. e4 {[%clk 1:28:43]} c5 {[%clk 1:30:54]} 2. Nf3 {[%clk 1:29:08]} d6
{[%clk 1:31:21]} 3. d4 {[%clk 1:29:20]} cxd4 {[%clk 1:31:43]} 4. Nxd4
{[%clk 1:29:47]} Nf6 {[%clk 1:32:09]} 5. Nc3 {[%clk 1:30:14]} a6 {[%clk 1:32:36]}
6. Be2 {[%clk 1:30:41]} e5 {[%clk 1:32:19]} 7. Nb3 {[%clk 1:30:48]} Be7
{[%clk 1:32:43]} 8. O-O {[%clk 1:30:04]} O-O {[%clk 1:32:27]} 9. Kh1
{[%clk 1:29:57]} Bd7 {[%clk 1:29:52]} 10. f4 {[%clk 1:24:34]} Bc6
{[%clk 1:27:27]} 11. Bf3 {[%clk 1:23:01]} Nbd7 {[%clk 1:16:42]} 12. Qe2
{[%clk 1:11:12]} b5 {[%clk 1:14:16]} 13. Rd1 {[%clk 1:11:20]} b4 {[%clk 1:04:06]}
14. Nd5 {[%clk 1:08:06]} Nxd5 {[%clk 1:02:25]} 15. exd5 {[%clk 1:08:31]} Bb5
{[%clk 1:02:52]} 16. Qe1 {[%clk 1:05:42]} a5 {[%clk 0:59:15]} 17. fxe5
{[%clk 1:01:34]} Nxe5 {[%clk 0:50:32]} 18. Nd4 {[%clk 0:52:40]} Nxf3
{[%clk 0:48:36]} 19. gxf3 {[%clk 0:52:02]} Bd7 {[%clk 0:48:30]} 20. a3
{[%clk 0:50:38]} Bf6 {[%clk 0:42:37]} 21. Bf4 {[%clk 0:48:58]} Qb6
{[%clk 0:40:57]} 22. Qg1 {[%clk 0:44:53]} Qc5 {[%clk 0:36:04]} 23. axb4
{[%clk 0:34:52]} axb4 {[%clk 0:34:14]} 24. Rxa8 {[%clk 0:35:16]} Rxa8
{[%clk 0:34:39]} 25. Nc6 {[%clk 0:35:40]} Qxc2 {[%clk 0:29:01]} 26. Nxb4
{[%clk 0:31:21]} Qb3 {[%clk 0:27:30]} 27. Nd3 {[%clk 0:30:45]} Bb5
{[%clk 0:22:06]} 28. Ra1 {[%clk 0:29:31]} Rxa1 {[%clk 0:18:41]} 29. Qxa1
{[%clk 0:29:38]} h6 {[%clk 0:15:06]} 30. Ne1 {[%clk 0:28:11]} Qc4
{[%clk 0:14:24]} 31. Ng2 {[%clk 0:28:39]} Qxd5 {[%clk 0:14:27]} 0-1

[Event "13e open internationnal de Sautron"]
[Site "Sautron"]
[Date "2013.11.02"]
[Round "9.3"]
[White "Avrukh, Boris"]
[Black "Delorme, Alban"]
[Result "1-0"]
[LiveChessVersion "1.4.2"]
[BlackElo "2283"]
[WhiteElo "2576"]

1. d4 {[%clk 1:28:42]} d5 {[%clk 1:29:59]} 2. c4 {[%clk 1:29:07]} e6
{[%clk 1:30:07]} 3. Nc3 {[%clk 1:29:23]} Nf6 {[%clk 1:29:40]} 4. cxd5
{[%clk 1:29:25]} exd5 {[%clk 1:29:56]} 5. Bg5 {[%clk 1:29:46]} Be7
{[%clk 1:28:17]} 6. e3 {[%clk 1:30:08]} h6 {[%clk 1:26:17]} 7. Bh4
{[%clk 1:29:51]} O-O {[%clk 1:24:29]} 8. Bd3 {[%clk 1:29:42]} b6 {[%clk 1:23:23]}
9. Nf3 {[%clk 1:29:19]} Bb7 {[%clk 1:23:40]} 10. O-O {[%clk 1:27:26]} Ne4
{[%clk 1:21:07]} 11. Bxe7 {[%clk 1:26:29]} Qxe7 {[%clk 1:21:34]} 12. Qb3
{[%clk 1:22:41]} Rd8 {[%clk 1:16:40]} 13. Rfd1 {[%clk 1:21:18]} c5
{[%clk 1:16:10]} 14. dxc5 {[%clk 1:14:14]} Nxc3 {[%clk 1:15:17]} 15. Qxc3
{[%clk 1:14:35]} bxc5 {[%clk 1:15:33]} 16. Rac1 {[%clk 1:11:40]} Nd7
{[%clk 1:10:41]} 17. Bf5 {[%clk 1:10:45]} Rac8 {[%clk 1:07:32]} 18. Qa3
{[%clk 1:07:41]} d4 {[%clk 1:04:23]} 19. exd4 {[%clk 1:03:47]} Bxf3
{[%clk 1:03:54]} 20. Qxf3 {[%clk 1:04:08]} cxd4 {[%clk 1:03:39]} 21. Rxc8
{[%clk 1:03:45]} Rxc8 {[%clk 1:04:07]} 22. Qb7 {[%clk 0:48:39]} Re8
{[%clk 1:02:10]} 23. h3 {[%clk 0:41:50]} Nc5 {[%clk 0:56:36]} 24. Qxe7
{[%clk 0:40:29]} Rxe7 {[%clk 0:56:30]} 25. Rxd4 {[%clk 0:39:41]} Re1+
{[%clk 0:56:55]} 26. Kh2 {[%clk 0:40:08]} g6 {[%clk 0:57:22]} 27. Bg4
{[%clk 0:38:29]} Rb1 {[%clk 0:54:22]} 28. b4 {[%clk 0:33:30]} Na6
{[%clk 0:53:53]} 29. a3 {[%clk 0:32:41]} Rb3 {[%clk 0:54:17]} 30. Rd7
{[%clk 0:30:23]} Rxa3 {[%clk 0:54:38]} 31. Rxa7 {[%clk 0:30:45]} 1-0

[Event "13e open internationnal de Sautron"]
[Site "Sautron"]
[Date "2013.11.02"]
[Round "9.5"]
[White "Crouan, Stephane"]
[Black "Koziak, Vitali"]
[Result "0-1"]
[LiveChessVersion "1.4.2"]
[BlackElo "2481"]
[WhiteElo "2180"]

1. e4 {[%clk 1:28:23]} c5 {[%clk 1:30:55]} 2. Nf3 {[%clk 1:28:46]} d6
{[%clk 1:31:18]} 3. d4 {[%clk 1:29:10]} cxd4 {[%clk 1:31:44]} 4. Nxd4
{[%clk 1:29:32]} Nf6 {[%clk 1:32:09]} 5. Nc3 {[%clk 1:29:53]} a6 {[%clk 1:32:33]}
6. Bg5 {[%clk 1:30:16]} e6 {[%clk 1:32:21]} 7. f4 {[%clk 1:30:35]} Be7
{[%clk 1:32:27]} 8. Qf3 {[%clk 1:30:54]} Qc7 {[%clk 1:32:32]} 9. O-O-O
{[%clk 1:31:01]} Nbd7 {[%clk 1:32:50]} 10. g4 {[%clk 1:26:28]} b5
{[%clk 1:32:01]} 11. Bxf6 {[%clk 1:25:54]} Nxf6 {[%clk 1:31:32]} 12. g5
{[%clk 1:24:28]} Nd7 {[%clk 1:31:49]} 13. f5 {[%clk 1:24:10]} Bxg5+
{[%clk 1:24:46]} 14. Kb1 {[%clk 1:23:40]} Nc5 {[%clk 0:46:26]} 15. fxe6
{[%clk 1:01:33]} Nxe6 {[%clk 0:41:19]} 16. Nf5 {[%clk 0:53:30]} O-O
{[%clk 0:39:40]} 17. h4 {[%clk 0:51:34]} Bd8 {[%clk 0:37:27]} 18. Nd5
{[%clk 0:35:28]} Qa7 {[%clk 0:24:32]} 19. Bh3 {[%clk 0:29:20]} g6
{[%clk 0:18:34]} 20. Qc3 {[%clk 0:20:09]} h5 {[%clk 0:10:57]} 21. Nf6+
{[%clk 0:14:55]} Bxf6 {[%clk 0:10:08]} 22. Qxf6 {[%clk 0:15:46]} Kh7
{[%clk 0:06:43]} 23. Nxd6 {[%clk 0:11:36]} Qc7 {[%clk 0:05:27]} 24. Rhf1
{[%clk 0:10:46]} Kg8 {[%clk 0:04:22]} 25. Nf5 {[%clk 0:07:26]} Ra7
{[%clk 0:03:43]} 26. e5 {[%clk 0:06:38]} Kh7 {[%clk 0:03:20]} 27. Rg1
{[%clk 0:05:53]} Rg8 {[%clk 0:03:11]} 28. Rdf1 {[%clk 0:04:19]} Nd4
{[%clk 0:02:13]} 29. Nxd4 {[%clk 0:04:07]} Bxh3 {[%clk 0:02:40]} 30. Re1
{[%clk 0:02:08]} Qe7 {[%clk 0:01:49]} 31. Nf3 {[%clk 0:02:10]} Qxf6
{[%clk 0:00:57]} 32. exf6 {[%clk 0:02:39]} Bf5 {[%clk 0:00:46]} 33. Ng5+
{[%clk 0:02:29]} Kh6 {[%clk 0:00:51]} 34. Rg2 {[%clk 0:01:35]} Rd8
{[%clk 0:00:49]} 35. b3 {[%clk 0:01:26]} Rd6 {[%clk 0:01:10]} 36. Re7
{[%clk 0:01:45]} Rxe7 {[%clk 0:01:05]} 37. fxe7 {[%clk 0:02:13]} Rd1+
{[%clk 0:01:27]} 38. Kb2 {[%clk 0:02:35]} Re1 {[%clk 0:01:45]} 39. Nxf7+
{[%clk 0:02:37]} Kg7 {[%clk 0:01:37]} 40. Nd6 {[%clk 0:31:46]} Bd7
{[%clk 0:32:00]} 41. c4 {[%clk 0:20:58]} bxc4 {[%clk 0:30:21]} 42. bxc4
{[%clk 0:19:18]} Rxe7 {[%clk 0:30:38]} 43. Kc3 {[%clk 0:14:41]} Re3+
{[%clk 0:29:09]} 44. Kd4 {[%clk 0:14:23]} Rh3 {[%clk 0:29:11]} 45. Kd5
{[%clk 0:12:02]} Rxh4 {[%clk 0:27:58]} 46. Rf2 {[%clk 0:11:19]} Bg4
{[%clk 0:27:05]} 47. c5 {[%clk 0:08:50]} Rh1 {[%clk 0:23:57]} 48. c6
{[%clk 0:04:49]} Rd1+ {[%clk 0:13:21]} 49. Ke5 {[%clk 0:03:30]} Re1+
{[%clk 0:09:22]} 50. Kd5 {[%clk 0:03:25]} Rd1+ {[%clk 0:05:17]} 51. Ke5
{[%clk 0:03:46]} Rc1 {[%clk 0:05:42]} 52. c7 {[%clk 0:03:03]} Kh6
{[%clk 0:03:50]} 53. Nf7+ {[%clk 0:02:48]} Kh7 {[%clk 0:02:02]} 54. Ng5+
{[%clk 0:02:26]} Kg8 {[%clk 0:02:27]} 55. Kd6 {[%clk 0:01:21]} Kg7
{[%clk 0:01:52]} 56. Rf4 {[%clk 0:00:54]} Bc8 {[%clk 0:01:00]} 57. Ne4
{[%clk 0:00:45]} Rc4 {[%clk 0:00:45]} 58. Rh4 Bf5 59. Rf4 Bc8 60. Rh4 Rd4+ 61.
Ke5 Rd7 62. Nd6 0-1

[Event "13e open internationnal de Sautron"]
[Site "Sautron"]
[Date "2013.11.02"]
[Round "9.6"]
[White "Kasparov, Sergey"]
[Black "Lejarre, Ludovic"]
[Result "1/2-1/2"]
[LiveChessVersion "1.4.2"]
[BlackElo "2371"]
[WhiteElo "2480"]

1. d4 {[%clk 1:30:57]} Nf6 {[%clk 1:30:20]} 2. Nf3 {[%clk 1:31:18]} g6
{[%clk 1:30:30]} 3. g3 {[%clk 1:31:39]} Bg7 {[%clk 1:30:54]} 4. Bg2
{[%clk 1:32:04]} O-O {[%clk 1:31:10]} 5. O-O {[%clk 1:32:32]} d6 {[%clk 1:30:27]}
6. Re1 {[%clk 1:32:53]} Nbd7 {[%clk 1:28:59]} 7. e4 {[%clk 1:32:46]} e5
{[%clk 1:28:37]} 8. Nc3 {[%clk 1:32:53]} c6 {[%clk 1:28:07]} 9. a4
{[%clk 1:32:56]} Qc7 {[%clk 1:27:05]} 10. h3 {[%clk 1:32:52]} b6 {[%clk 1:18:54]}
11. Be3 {[%clk 1:30:55]} a6 {[%clk 1:15:47]} 12. Qd2 {[%clk 1:25:29]} Bb7
{[%clk 1:12:31]} 13. Bh6 {[%clk 1:18:46]} b5 {[%clk 1:09:48]} 14. Bxg7
{[%clk 1:18:08]} Kxg7 {[%clk 1:10:11]} 15. Rad1 {[%clk 1:08:18]} Rfe8
{[%clk 0:42:52]} 16. Nh4 {[%clk 1:01:03]} h6 {[%clk 0:40:07]} 17. f4
{[%clk 0:56:29]} Rad8 {[%clk 0:39:21]} 18. Qf2 {[%clk 0:50:33]} exd4
{[%clk 0:36:52]} 19. Qxd4 {[%clk 0:49:01]} Qb6 {[%clk 0:26:06]} 20. Qxb6
{[%clk 0:48:26]} Nxb6 {[%clk 0:26:32]} 21. axb5 {[%clk 0:48:30]} axb5
{[%clk 0:26:49]} 22. e5 {[%clk 0:40:31]} dxe5 {[%clk 0:24:41]} 23. fxe5
{[%clk 0:40:23]} Nh5 {[%clk 0:23:05]} 24. Rxd8 {[%clk 0:33:06]} Rxd8
{[%clk 0:23:23]} 25. e6 {[%clk 0:33:06]} Re8 {[%clk 0:18:19]} 26. Nxb5
{[%clk 0:31:29]} cxb5 {[%clk 0:18:39]} 27. Bxb7 {[%clk 0:31:56]} Rxe6
{[%clk 0:18:37]} 28. Rxe6 {[%clk 0:31:36]} fxe6 {[%clk 0:19:02]} 29. Kf2
{[%clk 0:31:20]} Nc4 {[%clk 0:11:50]} 30. b3 {[%clk 0:27:22]} Nd6
{[%clk 0:12:13]} 31. Bc6 {[%clk 0:27:28]} Kf6 {[%clk 0:11:38]} 32. Nf3
{[%clk 0:26:36]} e5 {[%clk 0:12:02]} 33. Nd2 {[%clk 0:26:01]} Ke6
{[%clk 0:09:08]} 34. Nb1 {[%clk 0:18:24]} b4 {[%clk 0:06:53]} 35. c3
{[%clk 0:16:24]} bxc3 {[%clk 0:07:07]} 36. Nxc3 {[%clk 0:16:52]} Nf6
{[%clk 0:07:28]} 37. b4 {[%clk 0:15:51]} Nf5 {[%clk 0:06:38]} 38. b5
{[%clk 0:07:37]} Nd4 {[%clk 0:06:52]} 39. Bg2 {[%clk 0:07:47]} Nd7
{[%clk 0:05:32]} 40. h4 {[%clk 0:35:09]} Nb6 {[%clk 0:35:32]} 41. Be4
{[%clk 0:34:45]} g5 {[%clk 0:29:12]} 42. hxg5 {[%clk 0:34:12]} hxg5
{[%clk 0:29:36]} 43. Bd3 {[%clk 0:34:25]} g4 {[%clk 0:17:07]} 44. Ne4
{[%clk 0:21:07]} Kd5 {[%clk 0:15:59]} 45. Nf6+ {[%clk 0:19:38]} Kc5
{[%clk 0:16:17]} 46. Ke3 {[%clk 0:18:51]} Nxb5 {[%clk 0:15:06]} 47. Nxg4
{[%clk 0:17:05]} Nd6 {[%clk 0:15:15]} 48. Nxe5 {[%clk 0:17:14]} Nd5+
{[%clk 0:15:26]} 49. Ke2 {[%clk 0:17:13]} Nf6 {[%clk 0:15:39]} 50. Bg6
{[%clk 0:16:48]} Kd5 {[%clk 0:14:34]} 1/2-1/2